<?xml version="1.0" encoding="UTF-8"?>
<record
    xmlns:xsi="http://www.w3.org/2001/XMLSchema-instance"
    xsi:schemaLocation="http://www.loc.gov/MARC21/slim http://www.loc.gov/standards/marcxml/schema/MARC21slim.xsd"
    xmlns="http://www.loc.gov/MARC21/slim">

  <leader>00732nam a2200193Ia 4500</leader>
  <datafield tag="999" ind1=" " ind2=" ">
    <subfield code="c">4221</subfield>
    <subfield code="d">4221</subfield>
  </datafield>
  <controlfield tag="005">20210104105142.0</controlfield>
  <controlfield tag="008">201216s9999||||xx |||||||||||||| ||und||</controlfield>
  <datafield tag="020" ind1=" " ind2=" ">
    <subfield code="a">9972-46-336-5</subfield>
  </datafield>
  <datafield tag="040" ind1=" " ind2=" ">
    <subfield code="a">DAH</subfield>
    <subfield code="c">DAH</subfield>
  </datafield>
  <datafield tag="041" ind1=" " ind2=" ">
    <subfield code="a">spa</subfield>
  </datafield>
  <datafield tag="084" ind1=" " ind2=" ">
    <subfield code="a">DAH 0208</subfield>
  </datafield>
  <datafield tag="100" ind1="1" ind2=" ">
    <subfield code="a">Trist&#xE1;n, Flora, </subfield>
    <subfield code="9">4540</subfield>
    <subfield code="d">1803- 1844</subfield>
  </datafield>
  <datafield tag="245" ind1="0" ind2="3">
    <subfield code="a">El Tour de Francia, 1843-1844 : </subfield>
    <subfield code="b">estado actual de la clase obrera en los aspectos moral, intelectual y material /</subfield>
    <subfield code="c"> Flora Trist&#xE1;n</subfield>
  </datafield>
  <datafield tag="250" ind1=" " ind2=" ">
    <subfield code="a">1a ed.</subfield>
  </datafield>
  <datafield tag="260" ind1=" " ind2=" ">
    <subfield code="a">Lima:</subfield>
    <subfield code="b">Centro de la Mujer Peruana Flora Trist&#xE1;n ;</subfield>
    <subfield code="b"> Instituto Franc&#xE9;s de Estudios Andinos ;</subfield>
    <subfield code="b"> Embajada de Francia en el Per&#xFA;,</subfield>
    <subfield code="c">2006</subfield>
  </datafield>
  <datafield tag="650" ind1="0" ind2="4">
    <subfield code="a">Trabajadores </subfield>
    <subfield code="x">Condiciones sociales</subfield>
    <subfield code="y">Siglo XIX</subfield>
    <subfield code="z">Francia</subfield>
    <subfield code="9">5717</subfield>
  </datafield>
  <datafield tag="910" ind1=" " ind2=" ">
    <subfield code="a">gsm</subfield>
  </datafield>
  <datafield tag="942" ind1=" " ind2=" ">
    <subfield code="c">LIB</subfield>
    <subfield code="2">ddc</subfield>
  </datafield>
  <datafield tag="952" ind1=" " ind2=" ">
    <subfield code="0">0</subfield>
    <subfield code="1">0</subfield>
    <subfield code="2">ddc</subfield>
    <subfield code="4">0</subfield>
    <subfield code="7">0</subfield>
    <subfield code="a">DAH</subfield>
    <subfield code="b">DAH</subfield>
    <subfield code="c">GEN</subfield>
    <subfield code="d">2020-12-16</subfield>
    <subfield code="o">DAH 0208</subfield>
    <subfield code="p">DAH21010013</subfield>
    <subfield code="r">2020-12-16</subfield>
    <subfield code="w">2020-12-16</subfield>
    <subfield code="y">LIB</subfield>
  </datafield>
</record>
